[Event "AUTO-MASTER-337"]
[Site "http://www.queenalice.com/game.php?id=363979"]
[Date "2008.3.1"]
[Round "2"]
[White "Skovtrolden"]
[Black "bruno_borges"]
[Result "1/2-1/2"]
[WhiteElo "2110"]
[BlackElo "1976"]

1. e4 e5 2. Nf3 Nc6 3. d4 exd4 4. Nxd4 Bc5 5. Be3 Qf6 6. c3 Nge7 7. Bc4 Ne5 8.
Be2 Qg6 9. O-O d6 10. f3 O-O 11. Nd2 d5 12. Kh1 dxe4 13. fxe4 Bg4 14. Bf4 Bxe2
15. Qxe2 Bd6 16. Rad1 Rae8 17. Bxe5 Bxe5 18. Qb5 Bxd4 19. cxd4 Qb6 20. Qxb6 axb6
21. Rc1 c6 22. g4 Ng6 23. Kg1 Rd8 24. Nb3 1/2-1/2

[Event "AUTO-MASTER-337"]
[Site "http://www.queenalice.com/game.php?id=363980"]
[Date "2008.3.1"]
[Round "2"]
[White "bruno_borges"]
[Black "Skovtrolden"]
[Result "0-1"]
[WhiteElo "2016"]
[BlackElo "2116"]

1. e4 e5 2. Nf3 Nc6 3. Bb5 a6 4. Ba4 Nf6 5. O-O b5 6. Bb3 Be7 7. d4 d6 8. c3 O-O
9. h3 Bb7 10. Nbd2 Nd7 11. d5 Ncb8 12. Qe2 Nf6 13. Rd1 Nbd7 14. Nf1 c6 15. dxc6
Bxc6 16. Ng3 Qc7 17. Bc2 Nc5 18. Bg5 g6 19. Rd2 Ne6 20. Bh4 Nf4 21. Qe3 Rad8 22.
Ne2 d5 23. Bxf6 Bxf6 24. Nxf4 exf4 25. Qe2 dxe4 26. Rxd8 Bxd8 27. Bxe4 Re8 28.
Nd2 Re7 29. Qf3 Rxe4 30. Nxe4 f5 31. Nf6+ Bxf6 32. Qd3 Be4 33. Qe2 Kg7 34. f3
Bd5 35. a4 Bc4 36. Qe8 bxa4 37. Qxa4 Qb6+ 38. Kh2 Qxb2 39. Rd1 Qxc3 0-1

[Event "AUTO-MASTER-337"]
[Site "http://www.queenalice.com/game.php?id=363981"]
[Date "2008.3.1"]
[Round "2"]
[White "Skovtrolden"]
[Black "CCapivara"]
[Result "1-0"]
[WhiteElo "2106"]
[BlackElo "2043"]

1. e4 d6 2. d4 Nf6 3. Nc3 c6 4. f4 Qa5 5. Bd3 Bg4 6. Nf3 Nbd7 7. e5 Nd5 8. O-O
Nxc3 9. Qe1 e6 10. Bd2 Qb6 11. bxc3 Be7 12. exd6 Bxd6 13. Ne5 Bh5 14. Qh4 Bxe5
15. fxe5 Bg6 16. Bxg6 fxg6 17. Bg5 h6 18. Rab1 Qc7 19. Qh3 Nf8 20. Rxf8+ Kxf8
21. Rf1+ Kg8 22. Qxe6+ Kh7 23. Rf7 Qb6 24. Rxg7+ Kxg7 25. Bf6+ 1-0

[Event "AUTO-MASTER-337"]
[Site "http://www.queenalice.com/game.php?id=363982"]
[Date "2008.3.1"]
[Round "2"]
[White "CCapivara"]
[Black "Skovtrolden"]
[Result "0-1"]
[WhiteElo "2029"]
[BlackElo "2125"]

1. e4 e5 2. Bc4 Nf6 3. d3 Bc5 4. Nf3 Nc6 5. O-O d6 6. h3 Be6 7. Bb3 O-O 8. Nc3
h6 9. Ne2 Qd7 10. Kh2 d5 11. Ng3 dxe4 12. Bxe6 fxe6 13. Nxe4 Nxe4 14. dxe4 Qxd1
15. Rxd1 Bxf2 16. Rd7 Rfd8 17. Rxc7 Rab8 18. Bd2 Bb6 19. Rxc6 bxc6 20. Bc3 Bd4
21. Bxd4 exd4 22. b3 c5 23. Ne5 Rdc8 24. Kg3 Rb7 25. Nc4 Rf8 26. Rd1 Rbf7 27.
Rd2 Rf4 28. e5 h5 29. h4 Rf1 30. a4 R8f4 31. Kh3 Rh1+ 32. Kg3 Rfxh4 33. Rf2 Rg4+
34. Kf3 g5 35. Ke2 Rg3 36. Kd2 Rg1 0-1

[Event "Uragano"]
[Site "http://www.queenalice.com/game.php?id=383639"]
[Date "2008.4.7"]
[Round "3"]
[White "Alain91"]
[Black "Skovtrolden"]
[Result "0-1"]
[WhiteElo "2009"]
[BlackElo "2136"]

1. e4 e5 2. f4 d5 3. exd5 c6 4. Qe2 cxd5 5. Qxe5+ Be7 6. Nf3 Nf6 7. Bb5+ Nc6 8.
Nd4 Qb6 9. Nxc6 bxc6 10. Be2 O-O 11. Qxe7 Re8 12. Qa3 Bg4 13. Nc3 Ne4 14. Nd1
Nxd2 15. Bxd2 Rxe2+ 16. Kf1 Rxd2 17. Ke1 Qd4 18. Qe3 Rxd1+ 0-1

[Event "QA-ANNIV-03"]
[Site "http://www.queenalice.com/game.php?id=413695"]
[Date "2008.6.5"]
[Round "7"]
[White "Diego_Silveira"]
[Black "Skovtrolden"]
[Result "0-1"]
[WhiteElo "1928"]
[BlackElo "2150"]

1. Nf3 Nf6 2. g3 g6 3. Bg2 Bg7 4. O-O O-O 5. c4 d5 6. cxd5 Nxd5 7. Nc3 Nxc3 8.
bxc3 Nd7 9. Rb1 Nb6 10. e4 Be6 11. a4 Bc4 12. Re1 Bd3 13. Ra1 Nc4 14. Bf1 c5 15.
Bxd3 Qxd3 16. Qe2 Rfd8 17. Qxd3 Rxd3 18. Kg2 Rad8 19. Rb1 b6 20. Re2 Bh6 21. Ne1
Nxd2 22. Nxd3 Nxb1 23. Bxh6 Rxd3 24. Rb2 Nxc3 25. a5 b5 26. e5 a6 27. Be3 Nd1
28. Re2 Nxe3+ 29. fxe3 c4 30. Kf3 c3 0-1

[Event "QA-ANNIV-03"]
[Site "http://www.queenalice.com/game.php?id=446354"]
[Date "2008.8.9"]
[Round "8"]
[White "Skovtrolden"]
[Black "robelix"]
[Result "1/2-1/2"]
[WhiteElo "2155"]
[BlackElo "2099"]

1. e4 e6 2. d4 d5 3. Nc3 Bb4 4. a3 Bxc3+ 5. bxc3 Ne7 6. e5 c5 7. Qg4 O-O 8. Bd3
f5 9. exf6 Rxf6 10. Bg5 Rf7 11. Qh5 g6 12. Qd1 1/2-1/2

[Event "QA-ANNIV-03"]
[Site "http://www.queenalice.com/game.php?id=469834"]
[Date "2008.9.28"]
[Round "9"]
[White "tewald"]
[Black "Skovtrolden"]
[Result "0-1"]
[WhiteElo "1808"]
[BlackElo "2153"]

1. e4 e5 2. Nf3 Nc6 3. g3 Nf6 4. d3 d5 5. Nbd2 Bc5 6. Bg2 dxe4 7. dxe4 O-O 8.
O-O h6 9. a4 Bg4 10. h3 Be6 11. b3 Nh5 12. Ba3 Qd6 13. Bxc5 Qxc5 14. Kh2 Rfd8
15. Qc1 Nf6 16. Ne1 Qc3 17. Nef3 Rd6 18. Ra2 Rad8 19. Nb1 Qc5 20. Rb2 a5 21. g4
Bxg4 22. hxg4 Nxg4+ 23. Kg3 Nxf2 24. Qe1 Nd1 25. Ra2 Nb4 0-1

[Event "Uragano"]
[Site "http://www.queenalice.com/game.php?id=494617"]
[Date "2008.11.17"]
[Round "5"]
[White "TheAlchemist"]
[Black "Skovtrolden"]
[Result "0-1"]
[WhiteElo "2149"]
[BlackElo "2155"]

1. e4 e5 2. Nf3 Nc6 3. Bb5 a6 4. Ba4 Nf6 5. O-O Be7 6. Re1 b5 7. Bb3 O-O 8. h3
Bb7 9. d3 d6 10. a3 Na5 11. Ba2 c5 12. Nbd2 Nc6 13. Nf1 Bc8 14. Ne3 Be6 15. Nd5
Bxd5 16. exd5 Nd4 17. Nd2 Nf5 18. Ne4 Nd7 19. g3 g6 20. b4 Qc7 21. h4 cxb4 22.
axb4 a5 23. bxa5 Rxa5 24. Bb2 Nc5 25. Nxc5 Qxc5 26. d4 exd4 27. g4 Nxh4 28. Rxe7
Rxa2 0-1

[Event "QA-ANNIV-03"]
[Site "http://www.queenalice.com/game.php?id=525041"]
[Date "2009.1.18"]
[Round "10"]
[White "Mirok"]
[Black "Skovtrolden"]
[Result "1/2-1/2"]
[WhiteElo "2359"]
[BlackElo "2167"]

1. e4 e5 2. Nf3 Nc6 3. Bb5 a6 4. Ba4 Nf6 5. O-O Be7 6. Re1 b5 7. Bb3 O-O 8. c3
d5 9. exd5 Nxd5 10. Nxe5 Nxe5 11. Rxe5 c6 12. d3 Bd6 13. Re1 Qh4 14. g3 Qh3 15.
Re4 Qf5 16. Nd2 Qg6 17. Re1 f5 18. a4 Rb8 19. axb5 axb5 20. Ra7 Kh8 21. Nf3 f4
22. Ne5 Bxe5 23. Rxe5 fxg3 24. hxg3 Bg4 25. Qd2 Nf4 26. gxf4 Bf5+ 27. Kh2 Qh5+
28. Kg2 Bh3+ 29. Kh2 Bf5+ 30. Kg1 1/2-1/2

[Event "4^European Cup"]
[Site "http://www.queenalice.com/game.php?id=588619"]
[Date "2009.5.15"]
[Round "1"]
[White "Uragano"]
[Black "Skovtrolden"]
[Result "0-1"]
[WhiteElo "1949"]
[BlackElo "2173"]

1. e4 e5 2. Nf3 Nc6 3. Bc4 Nf6 4. Nc3 Nxe4 5. Nxe4 d5 6. Bxd5 Qxd5 7. d3 Bg4 8.
Be3 O-O-O 9. h3 f5 10. hxg4 fxe4 11. dxe4 Qxe4 0-1

[Event "4^European Cup"]
[Site "http://www.queenalice.com/game.php?id=655077"]
[Date "2009.9.19"]
[Round "2"]
[White "mennecy91"]
[Black "Skovtrolden"]
[Result "0-1"]
[WhiteElo "2260"]
[BlackElo "2178"]

1. d4 f5 2. c4 Nf6 3. g3 e6 4. Bg2 d5 5. Nf3 c6 6. O-O Bd6 7. Qc2 O-O 8. Nc3 Ne4
9. Nxe4 fxe4 10. Ne5 c5 11. Be3 cxd4 12. Bxd4 Nc6 13. Nxc6 bxc6 14. cxd5 cxd5
15. f3 exf3 16. Rxf3 Rxf3 0-1

[Event "4^European Cup"]
[Site "http://www.queenalice.com/game.php?id=753602"]
[Date "2010.3.29"]
[Round "3"]
[White "Skovtrolden"]
[Black "Maciej1980"]
[Result "1-0"]
[WhiteElo "2192"]
[BlackElo "2068"]

1. e4 e5 2. Nf3 Nc6 3. d4 exd4 4. Nxd4 Bc5 5. Be3 Qf6 6. c3 Nge7 7. Bc4 Ne5 8.
Be2 O-O 9. O-O d6 10. f4 N5c6 11. Qd2 Bd7 12. Nc2 Bxe3+ 13. Nxe3 Rae8 14. Na3
Ng6 15. f5 Nge5 16. Nd5 Qd8 17. Nb5 1-0

[Event "4^European Cup"]
[Site "http://www.queenalice.com/game.php?id=792082"]
[Date "2010.6.18"]
[Round "4"]
[White "modestyblase"]
[Black "Skovtrolden"]
[Result "1/2-1/2"]
[WhiteElo "2353"]
[BlackElo "2200"]

1. d4 f5 2. c4 Nf6 3. Nc3 e6 4. a3 d5 5. Bg5 c6 6. e3 Be7 7. Bd3 O-O 8. Nge2 a6
9. O-O b5 10. c5 Ne4 11. Bxe7 Qxe7 12. b4 a5 13. bxa5 Rxa5 14. a4 bxa4 15. Rxa4
Rxa4 16. Qxa4 e5 17. Bxe4 fxe4 18. Rb1 Qc7 19. Rb6 Bg4 20. Qa2 Bxe2 21. Nxe2 Qf7
22. Ng3 exd4 23. exd4 Qf6 24. Qd2 Nd7 25. Rb7 Rf7 26. Ra7 Nf8 1/2-1/2

[Event "AUTO-ELITE-717"]
[Site "http://www.queenalice.com/game.php?id=903034"]
[Date "2011.2.20"]
[Round "1"]
[White "Meauxchess"]
[Black "Skovtrolden"]
[Result "0-1"]
[WhiteElo "2373"]
[BlackElo "2239"]

1. Nf3 d5 2. d4 f5 3. c4 e6 4. cxd5 exd5 5. Nc3 Nf6 6. Bg5 c6 7. e3 Bd6 8. Bd3
O-O 9. O-O Qb6 10. Bxf6 Rxf6 11. Qc2 Rf8 12. Rab1 a5 13. h3 g6 14. h4 Nd7 15. h5
Nf6 16. hxg6 hxg6 17. Ne5 Bxe5 18. dxe5 Ng4 19. Na4 Qc7 20. Be2 Nxe5 21. Rbd1
Qd8 22. Qc5 Nd7 23. Qd6 Qf6 24. Qf4 Kg7 25. Rd4 Rh8 26. Qc7 Qe5 27. Qxe5+ Nxe5
28. Nb6 Ra7 29. f4 Nd7 30. Nxc8 Rxc8 31. g4 Nc5 32. gxf5 gxf5 33. Rf2 Rh8 34.
Rg2+ Kf6 35. b4 axb4 36. Rxb4 Rxa2 37. Bf1 Rxg2+ 38. Bxg2 Re8 39. Rb6 Rxe3 40.
Bxd5 Rd3 41. Bg2 Rd4 42. Kf2 Rxf4+ 43. Ke2 Ke5 44. Rb1 Ne4 45. Ke3 b5 46. Kd3
Rg4 47. Bxe4 fxe4+ 48. Ke2 Rg3 49. Kf2 Rc3 50. Ke1 e3 51. Rb2 Ke4 52. Ke2 Rd3
53. Ke1 Rd2 54. Rb4+ Kf3 55. Rh4 Ra2 56. Rh3+ Ke4 57. Rh6 c5 58. Re6+ Kd3 59.
Rd6+ Kc3 60. Re6 e2 61. Re5 Kc4 62. Re4+ Kd3 63. Re3+ Kd4 64. Rb3 b4 65. Re3 c4
66. Rg3 b3 67. Rg4+ Kc3 68. Rg3+ Kb4 69. Rg7 b2 70. Rb7+ Kc3 0-1

[Event "AUTO-ELITE-717"]
[Site "http://www.queenalice.com/game.php?id=903035"]
[Date "2011.2.20"]
[Round "1"]
[White "Skovtrolden"]
[Black "Meauxchess"]
[Result "1-0"]
[WhiteElo "2222"]
[BlackElo "2382"]

1. e4 e5 2. Nf3 Nc6 3. d4 exd4 4. Nxd4 Nf6 5. Nxc6 bxc6 6. e5 Qe7 7. Qe2 Nd5 8.
c4 Ba6 9. b3 Qh4 10. a3 Bc5 11. g3 Bxf2+ 12. Qxf2 Qe4+ 13. Kd1 Qxh1 14. Nd2 Nc3+
15. Kc2 Ne4 16. Nxe4 Qxe4+ 17. Bd3 Qxe5 18. Bb2 Qg5 19. Re1+ Kf8 20. h4 Qd8 21.
h5 Qg5 22. Re5 Qh6 23. Rf5 Qe6 24. h6 Rg8 25. hxg7+ Rxg7 26. Bxg7+ Kxg7 27. Rg5+
Kh8 28. Qd4+ f6 29. Qh4 Qf7 30. Rh5 1-0

[Event "AUTO-ELITE-717"]
[Site "http://www.queenalice.com/game.php?id=903038"]
[Date "2011.2.20"]
[Round "1"]
[White "trompmaster"]
[Black "Skovtrolden"]
[Result "0-1"]
[WhiteElo "2097"]
[BlackElo "2214"]

1. e3 e5 2. Nc3 d5 3. Nce2 Bd6 4. d3 Nf6 5. g3 O-O 6. Bg2 Bg4 7. f3 Bd7 8. Nh3
Re8 9. Nf2 c6 10. O-O Qb6 11. c3 Na6 12. Qc2 Nc5 13. Bd2 Ne6 14. Rfb1 c5 15. b4
cxb4 16. cxb4 Rac8 17. Qb3 Bc6 18. b5 Bd7 19. a4 a5 20. Rc1 Bc5 21. Nd1 h6 22.
Kh1 d4 23. e4 Be7 24. Nb2 Nc5 25. Qd1 Be6 26. Nc4 Bxc4 27. Rxc4 Nxd3 28. Qc2
Nf2+ 29. Kg1 d3 30. Qc1 Nh3+ 31. Kh1 Rxc4 0-1

[Event "AUTO-ELITE-717"]
[Site "http://www.queenalice.com/game.php?id=903039"]
[Date "2011.2.20"]
[Round "1"]
[White "Skovtrolden"]
[Black "trompmaster"]
[Result "1-0"]
[WhiteElo "2205"]
[BlackElo "2107"]

1. e4 e6 2. d4 Nc6 3. Nf3 Nce7 4. c4 g6 5. Nc3 Bg7 6. Bg5 f6 7. Be3 Nh6 8. Be2
Nf7 9. h4 h6 10. Qd2 d6 11. O-O-O c6 12. g4 e5 13. g5 fxg5 14. hxg5 h5 15. Nh4
Qc7 16. dxe5 dxe5 17. Bc5 Rg8 18. Bxe7 Qxe7 19. Nxg6 Qe6 20. Bxh5 Bd7 21. f4
O-O-O 22. f5 Qe8 23. f6 Bf8 24. Nh8 Be6 25. Qxd8+ Qxd8 26. Bxf7 Qxd1+ 27. Rxd1
Bxf7 28. Nxf7 Bc5 29. Nd6+ Bxd6 30. Rxd6 Rxg5 31. f7 Rg1+ 32. Rd1 1-0

[Event "AUTO-ELITE-717"]
[Site "http://www.queenalice.com/game.php?id=941842"]
[Date "2011.5.24"]
[Round "2"]
[White "Conde7"]
[Black "Skovtrolden"]
[Result "1-0"]
[WhiteElo "2611"]
[BlackElo "2254"]

1. a3 g6 2. e4 Bg7 3. d4 d6 4. Nf3 Nf6 5. Bd3 O-O 6. O-O Nc6 7. c3 e5 8. d5 Ne7
9. c4 Nd7 10. Be3 Nc5 11. Bxc5 dxc5 12. Nc3 a6 13. b4 Qd6 14. Na4 cxb4 15. c5
Qf6 16. axb4 Bd7 17. Nc3 Rfd8 18. Be2 g5 19. Nd2 Be8 20. Qb1 Ng6 21. g3 Bf8 22.
Nc4 Bd7 23. Rd1 Bh3 24. Rd2 Rab8 25. Qd1 Qg7 26. Bg4 Bxg4 27. Qxg4 Ne7 28. Rad1
Nc8 29. Rd3 h6 30. Kg2 Na7 31. Qf5 Re8 32. Qd7 Re7 33. Qa4 Ree8 34. Rf3 Red8 35.
Rf5 f6 36. Ne3 Be7 37. Qa2 Kh7 38. Ng4 Rf8 39. Rh1 1-0

[Event "AUTO-ELITE-717"]
[Site "http://www.queenalice.com/game.php?id=941843"]
[Date "2011.5.24"]
[Round "2"]
[White "Skovtrolden"]
[Black "Conde7"]
[Result "0-1"]
[WhiteElo "2255"]
[BlackElo "2610"]

1. e4 c6 2. d4 d5 3. Nc3 dxe4 4. Nxe4 Nd7 5. Nf3 Ngf6 6. Ng3 g6 7. Bc4 Bg7 8.
O-O O-O 9. h3 c5 10. c3 cxd4 11. Nxd4 a6 12. Re1 Qc7 13. Qe2 e6 14. h4 b5 15.
Bb3 Bb7 16. h5 Nc5 17. Bc2 Nd5 18. Nb3 Na4 19. hxg6 hxg6 20. Qg4 Rfe8 21. Rb1
Rac8 22. a3 Naxc3 23. bxc3 Nxc3 24. Ra1 Qc4 25. Qh3 Qa4 26. Bh6 Bd5 27. Nc5 Qxc2
28. Rac1 Qxc1 29. Rxc1 Rxc5 30. Bxg7 Kxg7 31. Rxc3 Rxc3 32. Nh5+ gxh5 33. Qxc3+
f6 34. Qc5 Kg6 35. Qd6 Ra8 36. Qg3+ Kh6 37. f3 Kh7 0-1

[Event "Challenge"]
[Site "http://www.queenalice.com/game.php?id=1127161"]
[Date "2012.11.30"]
[Round "-"]
[White "eddval"]
[Black "Skovtrolden"]
[Result "0-1"]
[WhiteElo "2129"]
[BlackElo "2253"]

1. e4 d6 2. d4 Nf6 3. Nc3 g6 4. f4 Bg7 5. Nf3 c5 6. Bb5+ Bd7 7. e5 Ng4 8. e6
fxe6 9. Ng5 Bxb5 10. Nxe6 Bxd4 11. Nxd4 Bd7 12. Nf3 Nc6 13. O-O Nf6 14. b3 O-O
15. Bb2 Bg4 16. h3 Bxf3 17. Qxf3 d5 18. Rad1 d4 19. Ne4 Nxe4 20. Qxe4 Qd6 21. c3
Rad8 22. Rd3 e5 23. f5 Qd5 24. Qg4 e4 25. Rdd1 Rxf5 26. Rfe1 Re8 27. cxd4 cxd4
28. Kh1 Rf2 29. Re2 e3 30. Bxd4 Ne5 31. Rxe3 Nxg4 32. Rxe8+ Kf7 0-1